000 00531nab a2200193 a 4500
005 20210219155202.0
008 991125s1985 mx 000 0 spa u
035 _aUPN01000140123
100 1 _aDe Agüero Servín, Mercedes
222 _aDIDAC
245 _a¿Qué es un modelo pedagógico? : segunda parte
260 _aMéxico
300 _a43-51
362 0 _a2004 Nueva época, no. 44, sept.-dic.
653 0 _aINTERACCION SOCIAL
653 0 _aESCUELA NUEVA
653 0 _aCONSTRUCTIVISMO SOCIAL
905 _aArticulo
999 _c112271
_d112271